[Event "Deutsche Ländermeisterschaft 2013"]
[Site "Hannover GER"]
[Date "2013.10.05"]
[Round "6"]
[White "Flüchter, Gregor"]
[Black "Lagunow, Elina"]
[Result "1/2-1/2"]
[Termination "normal"]
[Board "3.5"]
[WhiteTitle "14"]
[BlackTitle "16w"]
[WhiteElo "2021"]
[BlackElo "1736"]
[WhiteTeam "Nordrhein-Westfalen"]
[BlackTeam "Berlin"]
[WhiteFideId "12903396"]
[BlackFideId "4673387"]
[EventCountry "GER"]
[EventRounds "7"]
[EventType "team-swiss"]
[EventDate "2013.10.02"]

1. e4 c5 2. Nf3 Nc6 3. d4 cxd4 4. Nxd4 g6 5. c4 Nf6 6. Nc3 Bg7 7. Be3 O-O 8.
Be2 d6 9. O-O Bd7 10. Qd2 Nxd4 11. Bxd4 Bc6 12. f3 Nd7 13. Kh1 Bxd4 14. Qxd4
Qb6 15. Qxb6 Nxb6 16. b4 a5 17. b5 Bd7 18. Nd5 Nxd5 19. cxd5 b6 20. Rac1 Rac8
21. Kg1 Kg7 22. a4 Rxc1 23. Rxc1 Rc8 24. Rxc8 Bxc8 25. Kf2 Kf6 26. Ke3 e6 27.
Bc4 g5 28. g3 h6 29. Kd4 e5+ 30. Ke3 Kg6 31. g4 Bd7 32. h3 f6 33. Kf2 Bc8 34.
Ke3 Bd7 1/2-1/2

[Event "Deutsche Ländermeisterschaft 2013"]
[Site "Hannover GER"]
[Date "2013.10.05"]
[Round "6"]
[White "Schnabel, Bennett"]
[Black "Savchenko, Daniel"]
[Result "0-1"]
[Termination "normal"]
[Board "3.6"]
[WhiteTitle "12"]
[BlackTitle "12"]
[WhiteElo "1713"]
[BlackElo "1751"]
[WhiteTeam "Berlin"]
[BlackTeam "Nordrhein-Westfalen"]
[WhiteFideId "12943290"]
[BlackFideId "12919195"]
[EventCountry "GER"]
[EventRounds "7"]
[EventType "team-swiss"]
[EventDate "2013.10.02"]

1. d4 d5 2. Nf3 e6 3. e3 f5 4. c4 c6 5. Ne5 Nf6 6. Bd3 Be7 7. O-O O-O 8. Nc3
Bd7 9. Bd2 Be8 10. Qc2 Nbd7 11. f4 Ne4 12. a3 Nxe5 13. fxe5 Kh8 14. cxd5 cxd5
15. Nxe4 dxe4 16. Bc4 Bf7 17. Qb3 Qd7 18. Bb4 b5 19. Be2 a6 20. Bxe7 Qxe7 21.
a4 Rab8 22. axb5 axb5 23. Rfc1 Rb6 24. Rc5 Rfb8 25. Rac1 Qg5 26. g3 h5 27. Kf2
h4 28. Rc7 Bh5 29. Qd1 Be8 30. Rc8 Kh7 31. Rxb8 Rxb8 32. Rc5 Kg6 33. b4 Ra8 34.
Qc1 Bf7 35. Bxb5 hxg3+ 36. hxg3 Qg4 37. Be2 Qh3 38. Qf1 Qh6 39. Rc3 Ra2 40. Kg1
Kh7 41. Qd1 Qh3 42. Rc2 Qxg3+ 43. Kf1 Ra3 44. Qe1 Qh3+ 45. Kf2 Qxe3+ 46. Kf1
Qh3+ 47. Kf2 Qh2+ 48. Kf1 Qh1+ 49. Kf2 e3+ 0-1

[Event "Deutsche Ländermeisterschaft 2013"]
[Site "Hannover GER"]
[Date "2013.10.05"]
[Round "6"]
[White "Bork, Sophie"]
[Black "Koch, Elisabeth"]
[Result "1/2-1/2"]
[Termination "normal"]
[Board "3.7"]
[WhiteTitle "16w"]
[BlackTitle "16w"]
[WhiteElo "1536"]
[BlackElo "1691"]
[WhiteTeam "Nordrhein-Westfalen"]
[BlackTeam "Berlin"]
[WhiteFideId "12905429"]
[BlackFideId "24695068"]
[EventCountry "GER"]
[EventRounds "7"]
[EventType "team-swiss"]
[EventDate "2013.10.02"]

1. e4 e5 2. Nf3 Nc6 3. Bc4 Nf6 4. d3 Bc5 5. c3 d6 6. Bb3 O-O 7. Bg5 a6 8. Nbd2
Ba7 9. Nf1 h6 10. Bh4 Re8 11. Ne3 Be6 12. Qe2 Qe7 13. Bc2 Rad8 14. Nf5 Bxf5 15.
exf5 d5 16. O-O-O d4 17. c4 b5 18. cxb5 axb5 19. g4 Nb4 20. a3 Nxc2 21. Qxc2 c5
22. Rdg1 Qb7 23. Bxf6 gxf6 24. Qd1 c4 25. g5 fxg5 26. f6 Qc6 27. Nxg5 cxd3+ 28.
Kb1 Qc2+ 29. Qxc2 dxc2+ 30. Kxc2 d3+ 31. Kd2 Bxf2 32. Rg2 hxg5 33. Rxf2 e4 34.
Ke3 Kh7 35. h4 g4 36. Rg1 Rg8 37. Kxe4 d2 38. Rd1 g3 39. Rg2 Kh6 40. Kf3 Kh5
41. Rdxd2 Rxd2 42. Rxd2 Kxh4 43. Kg2 Rg6 44. Rd4+ Kh5 1/2-1/2

[Event "Deutsche Ländermeisterschaft 2013"]
[Site "Hannover GER"]
[Date "2013.10.05"]
[Round "6"]
[White "Schnabel, Luise"]
[Black "Möller, Lisa-Marie"]
[Result "1/2-1/2"]
[Termination "normal"]
[Board "3.8"]
[WhiteTitle "12w"]
[BlackTitle "12w"]
[WhiteElo "1417"]
[BlackElo "1488"]
[WhiteTeam "Berlin"]
[BlackTeam "Nordrhein-Westfalen"]
[WhiteFideId "12943347"]
[BlackFideId "12959367"]
[EventCountry "GER"]
[EventRounds "7"]
[EventType "team-swiss"]
[EventDate "2013.10.02"]

1. e4 c5 2. Nf3 a6 3. Nc3 b5 4. d3 Bb7 5. Be3 e6 6. Nd2 Nc6 7. f3 Nf6 8. Nb3 d6
9. d4 cxd4 10. Nxd4 Be7 11. Be2 O-O 12. O-O Qc7 13. Qe1 Rad8 14. Qg3 Kh8 15.
Rad1 Qb8 16. a3 Rd7 17. Rd2 Bd8 18. Rfd1 Bc7 19. Nxc6 Bxc6 20. Bf4 Nh5 21. Qh4
Nxf4 22. Qxf4 d5 23. Qh4 d4 24. Nb1 Bb6 25. Kh1 Rfd8 26. c3 dxc3 27. Rxd7 Rxd7
28. Nxc3 Rxd1+ 29. Bxd1 Qd6 30. Qe1 Qd4 31. h4 Kg8 32. g3 b4 33. axb4 Qxb4 34.
Qe2 Qc5 35. Qf1 Qe5 36. Kg2 Bc7 37. Qf2 Kf8 38. Be2 a5 39. Bf1 Ke7 40. Qe1 Bd6
41. Ne2 Qxb2 42. Qxa5 Bb5 43. Qa7+ Kf6 44. Qe3 h6 45. g4 g5 46. hxg5+ hxg5 47.
Qd4+ Qxd4 48. Nxd4 Bxf1+ 49. Kxf1 Ke5 50. Ne2 f5 51. exf5 1/2-1/2

[Event "Deutsche Ländermeisterschaft 2013"]
[Site "Hannover GER"]
[Date "2013.10.05"]
[Round "6"]
[White "Powierski, Emil"]
[Black "Noe, Christopher"]
[Result "0-1"]
[Termination "normal"]
[Board "4.1"]
[WhiteTitle "18"]
[BlackTitle "18"]
[WhiteElo "2210"]
[BlackElo "2255"]
[WhiteTeam "Schleswig-Holstein"]
[BlackTeam "Baden"]
[WhiteFideId "4656199"]
[BlackFideId "24692018"]
[EventCountry "GER"]
[EventRounds "7"]
[EventType "team-swiss"]
[EventDate "2013.10.02"]

1. e4 e5 2. Nf3 Nc6 3. Bb5 a6 4. Ba4 Nf6 5. O-O Nxe4 6. d4 b5 7. Bb3 d5 8. dxe5
Be6 9. Be3 Nc5 10. c3 Nxb3 11. axb3 Be7 12. Nbd2 O-O 13. b4 Bg4 14. h3 Bh5 15.
Bf4 d4 16. Nb3 dxc3 17. bxc3 Qc8 18. Qd3 Bg6 19. Qe3 Rd8 20. Nc5 Rd5 21. e6
Bxc5 22. exf7+ Bxf7 23. bxc5 Qf8 24. Ng5 Qxc5 25. Qe4 Rxg5 26. Bxg5 Qxg5 27.
Rad1 Qf6 28. Rd7 Re8 29. Qb1 Ne5 30. Rdd1 Nc4 31. Qc2 Bg6 32. Qa2 a5 33. Qb3 c6
34. Rd4 h6 35. Rdd1 Kh7 36. Rd4 Re2 37. Qd1 Re6 38. Qb3 a4 39. Qd1 a3 40. Qb3
Rd6 41. Rxd6 Qxd6 42. Rd1 Na5 43. Rxd6 Nxb3 0-1

[Event "Deutsche Ländermeisterschaft 2013"]
[Site "Hannover GER"]
[Date "2013.10.05"]
[Round "6"]
[White "Becker, Matthias"]
[Black "Krause, Benedict"]
[Result "1/2-1/2"]
[Termination "normal"]
[Board "4.2"]
[WhiteTitle "18"]
[BlackTitle "16"]
[WhiteElo "2152"]
[BlackElo "2142"]
[WhiteTeam "Baden"]
[BlackTeam "Schleswig-Holstein"]
[WhiteFideId "12915564"]
[BlackFideId "12917990"]
[EventCountry "GER"]
[EventRounds "7"]
[EventType "team-swiss"]
[EventDate "2013.10.02"]

1. e4 c5 2. Nf3 e6 3. d4 cxd4 4. Nxd4 Nc6 5. Nc3 Qc7 6. g3 a6 7. Bg2 d6 8. O-O
Bd7 9. Re1 Be7 10. a4 Nf6 11. Be3 O-O 12. Qe2 Ne5 13. Rad1 Rac8 14. h3 Nc4 15.
Bc1 Nb6 16. f4 Nxa4 17. Nxa4 Bxa4 18. e5 dxe5 19. fxe5 Nd5 20. Qg4 Bxc2 21.
Nxc2 Qxc2 22. Be4 Qc5+ 23. Kh1 Kh8 24. Qh5 g6 25. Qf3 f5 26. exf6 Bxf6 27. Qg4
Rce8 28. Bg2 Qc2 29. Bh6 Rg8 30. Rd2 Qf5 31. Qe2 Qh5 32. Qxh5 gxh5 33. Rde2 Nc7
34. Bf4 e5 35. Bxe5 Bxe5 36. Rxe5 Rxe5 37. Rxe5 Rxg3 38. Rxh5 b5 39. Be4 Rg7
40. b4 Re7 41. Bb7 Kg7 42. Bc8 Re8 43. Bb7 Re7 44. Bc8 h6 45. Rc5 Kf6 46. Kg2
Kg7 47. Kf3 Ne6 48. Rd5 Ng5+ 49. Kg2 Re2+ 50. Kg3 Ra2 51. Rd7+ Kf8 52. h4 Ne4+
53. Kf4 Nf6 54. Rd6 Ke7 55. Re6+ Kf7 56. Rxa6 Rb2 57. Kf5 Rf2+ 58. Ke5 Re2+ 59.
Kf5 Ne8 60. Rxh6 Ng7+ 61. Kf4 Rb2 62. Rb6 Rxb4+ 63. Kg5 Rc4 64. Rb7+ Kg8 65.
Rb8 Kh7 66. Bg4 b4 67. h5 Rc5+ 68. Kh4 Nf5+ 69. Bxf5+ Rxf5 70. Rxb4 Rf7 1/2-1/2

[Event "Deutsche Ländermeisterschaft 2013"]
[Site "Hannover GER"]
[Date "2013.10.05"]
[Round "6"]
[White "Kololli, Kevin"]
[Black "Ruff, Maximilian"]
[Result "0-1"]
[Termination "normal"]
[Board "4.3"]
[WhiteTitle "14"]
[BlackTitle "16"]
[WhiteElo "1976"]
[BlackElo "2094"]
[WhiteTeam "Schleswig-Holstein"]
[BlackTeam "Baden"]
[WhiteFideId "12936863"]
[BlackFideId "1271670"]
[EventCountry "GER"]
[EventRounds "7"]
[EventType "team-swiss"]
[EventDate "2013.10.02"]

1. e4 e5 2. Nf3 Nc6 3. Bb5 a6 4. Ba4 Nf6 5. O-O Be7 6. Re1 b5 7. Bb3 d6 8. c3
O-O 9. h3 Na5 10. Bc2 c5 11. d4 Qc7 12. Nbd2 cxd4 13. cxd4 Rd8 14. Nf1 exd4 15.
Nxd4 d5 16. e5 Ne4 17. Ng3 Bc5 18. Be3 Nxg3 19. fxg3 Nc4 20. Rc1 Nxe3 21. Rxe3
Qb6 22. Rd3 Bf5 23. Rd2 Bxd4+ 24. Rxd4 Rac8 25. Bxf5 Rxc1 26. Qxc1 Qxd4+ 27.
Kh2 Qxe5 28. Qg5 Re8 29. Qg4 g6 30. Bd3 Kg7 31. a4 Qe3 32. Qd7 Re5 33. Qd6 bxa4
34. Bxa6 Re6 0-1

[Event "Deutsche Ländermeisterschaft 2013"]
[Site "Hannover GER"]
[Date "2013.10.05"]
[Round "6"]
[White "Steimbach, Isabel"]
[Black "Schwarzat, Julian"]
[Result "0-1"]
[Termination "normal"]
[Board "4.4"]
[WhiteTitle "18w"]
[BlackTitle "20"]
[WhiteElo "1778"]
[BlackElo "2021"]
[WhiteTeam "Baden"]
[BlackTeam "Schleswig-Holstein"]
[WhiteFideId "24692174"]
[BlackFideId "24675857"]
[EventCountry "GER"]
[EventRounds "7"]
[EventType "team-swiss"]
[EventDate "2013.10.02"]

1. e4 c6 2. d4 g6 3. Nf3 Bg7 4. c3 d5 5. exd5 cxd5 6. Bf4 Nf6 7. h3 Bf5 8. Qb3
Qc8 9. Bb5+ Nc6 10. Ne5 O-O 11. O-O a6 12. Be2 Bxb1 13. Raxb1 e6 14. Rfe1 Nd7
15. Ng4 Nf6 16. Ne5 Nxe5 17. Bxe5 Ne4 18. Bxg7 Kxg7 19. Qd1 b5 20. a3 Qc7 21.
Bd3 Nd6 22. h4 Nc4 23. h5 Qf4 24. g3 Qh6 25. Bxc4 bxc4 26. hxg6 hxg6 27. Kg2
Rh8 28. b4 Qh3+ 29. Kf3 Qf5+ 30. Kg2 Rh2+ 31. Kxh2 Qxf2+ 0-1

[Event "Deutsche Ländermeisterschaft 2013"]
[Site "Hannover GER"]
[Date "2013.10.05"]
[Round "6"]
[White "Polert, Annika"]
[Black "Wiesner, Paula"]
[Result "0-1"]
[Termination "normal"]
[Board "4.5"]
[WhiteTitle "18w"]
[BlackTitle "14w"]
[WhiteElo "1842"]
[BlackElo "1855"]
[WhiteTeam "Schleswig-Holstein"]
[BlackTeam "Baden"]
[WhiteFideId "24692328"]
[BlackFideId "24654019"]
[EventCountry "GER"]
[EventRounds "7"]
[EventType "team-swiss"]
[EventDate "2013.10.02"]

1. c4 c5 2. g3 Nf6 3. Bg2 d5 4. cxd5 Nxd5 5. Nc3 Nc7 6. d3 e5 7. Nf3 Nc6 8. Bd2
Be7 9. Rc1 Bd7 10. Ne4 b6 11. Bc3 f6 12. a3 Rc8 13. O-O O-O 14. b4 cxb4 15.
axb4 Kh8 16. Qb3 Nb5 17. Bb2 Nxb4 18. Rxc8 Bxc8 19. Rc1 Bb7 20. Qa4 a6 21. Nc3
Nxc3 22. Bxc3 Nd5 23. Bb2 b5 24. Qa1 Qd7 25. Nd2 Bb4 26. Nb3 Rc8 27. d4 exd4
28. Bxd4 Rxc1+ 29. Nxc1 Ne7 30. Bxb7 Qxb7 31. Bxf6 Nc6 32. Bc3 Bxc3 33. Qxc3 a5
34. Qc5 h6 35. e4 b4 36. e5 a4 37. e6 b3 38. Qf8+ Kh7 39. Qf5+ g6 40. Qb1 b2
41. Na2 a3 42. Nc3 Qb3 43. e7 Nxe7 44. Qe1 Qxc3 45. Qxc3 b1=Q+ 46. Kg2 a2 0-1

[Event "Deutsche Ländermeisterschaft 2013"]
[Site "Hannover GER"]
[Date "2013.10.05"]
[Round "6"]
[White "Weis, Olga"]
[Black "Rieß, Alexander"]
[Result "0-1"]
[Termination "normal"]
[Board "4.6"]
[WhiteTitle "14w"]
[BlackTitle "12"]
[WhiteElo "1730"]
[BlackElo "1776"]
[WhiteTeam "Baden"]
[BlackTeam "Schleswig-Holstein"]
[WhiteFideId "1270234"]
[BlackFideId "12953326"]
[EventCountry "GER"]
[EventRounds "7"]
[EventType "team-swiss"]
[EventDate "2013.10.02"]

1. e4 c6 2. d4 d5 3. Nc3 dxe4 4. Nxe4 Nd7 5. Nf3 Ngf6 6. Ng3 e6 7. Bd3 Bd6 8.
O-O O-O 9. Re1 Qc7 10. c3 c5 11. Bc2 cxd4 12. Nxd4 a6 13. Qd3 Ne5 14. Qe3 Ng6
15. h3 b5 16. Ne4 Nd5 17. Qf3 Be7 18. Ng5 Bb7 19. Qh5 Nf6 20. Qe2 Bc5 21. Ngf3
Rfe8 22. Be3 Rad8 23. Rad1 Nd5 24. Bg5 Rd7 25. Bxg6 hxg6 26. Ne5 Rd6 27. c4 Nb6
28. Be3 Rdd8 29. f4 bxc4 30. Nxc4 Bxd4 31. Nxb6 Bxb6 0-1

[Event "Deutsche Ländermeisterschaft 2013"]
[Site "Hannover GER"]
[Date "2013.10.05"]
[Round "6"]
[White "Rosmait, Emily"]
[Black "Wiesner, Alexander"]
[Result "0-1"]
[Termination "normal"]
[Board "4.7"]
[WhiteTitle "16w"]
[BlackTitle "12"]
[WhiteElo "1733"]
[BlackElo "1649"]
[WhiteTeam "Schleswig-Holstein"]
[BlackTeam "Baden"]
[WhiteFideId "12937754"]
[BlackFideId "12943991"]
[EventCountry "GER"]
[EventRounds "7"]
[EventType "team-swiss"]
[EventDate "2013.10.02"]

1. e4 e6 2. d3 d5 3. Nd2 Nf6 4. Ngf3 c5 5. g3 Nc6 6. Bg2 Be7 7. O-O b5 8. Qe2
a5 9. e5 Nd7 10. Re1 b4 11. Nf1 Ba6 12. h4 a4 13. Bf4 Qb6 14. Ne3 Na5 15. Bg5
c4 16. Bxe7 Kxe7 17. dxc4 Nxc4 18. Nxc4 Bxc4 19. Qd2 Rhc8 20. Nd4 Kf8 21. Kh2
b3 22. cxb3 axb3 23. a3 Nb8 24. Qe3 Kg8 25. Rac1 Nd7 26. f4 Rab8 27. f5 Nc5 28.
Rcd1 exf5 29. Nxf5 Rd8 30. Bxd5 Bxd5 31. Rxd5 Rxd5 32. Ne7+ Kh8 33. Nxd5 Qb5
34. Nb4 Rd8 35. Re2 Ne6 36. Rf2 Rd1 37. Rxf7 Qc4 38. Rf2 h6 39. Qf3 Rd4 40. Re2
Rd8 41. Qe3 Rf8 42. Rd2 Qc1 43. Nd3 Qc4 44. Nb4 Qc1 45. Nd3 Qc4 46. Ne1 Qc1 47.
Ng2 Rf1 48. Kh3 h5 49. g4 hxg4+ 50. Kxg4 Qc8 51. Kg3 Qe8 52. Qxb3 Qg6+ 53. Kh2
Qg4 54. Qg3 Rh1+ 55. Kxh1 Qxg3 56. Re2 Nd4 57. Re3 Nf3 58. Rxf3 Qxf3 59. b4
Qxa3 60. b5 Qa1+ 61. Kh2 Qxe5+ 62. Kh3 Qxb5 63. Kg4 Kh7 64. Nf4 Kh6 65. Kg3 Qf5
66. h5 Kg5 67. Nh3+ Kxh5 68. Nf4+ Kg5 69. Nh3+ Kf6 0-1

[Event "Deutsche Ländermeisterschaft 2013"]
[Site "Hannover GER"]
[Date "2013.10.05"]
[Round "6"]
[White "Lohrmann, Tabea"]
[Black "Köhler, Inken"]
[Result "0-1"]
[Termination "normal"]
[Board "4.8"]
[WhiteTitle "12w"]
[BlackTitle "12w"]
[WhiteElo "1547"]
[BlackElo "1596"]
[WhiteTeam "Baden"]
[BlackTeam "Schleswig-Holstein"]
[WhiteFideId "12911941"]
[BlackFideId "12929301"]
[EventCountry "GER"]
[EventRounds "7"]
[EventType "team-swiss"]
[EventDate "2013.10.02"]

1. e4 e5 2. Nf3 Nc6 3. d4 exd4 4. Bc4 Nf6 5. e5 Ne4 6. O-O d5 7. Bb5 Bd7 8.
Bxc6 bxc6 9. Nxd4 Be7 10. f3 Nc5 11. f4 O-O 12. Be3 f6 13. Qh5 Qc8 14. h3 Be8
15. Qf5 Qb7 16. b3 fxe5 17. Qg4 exd4 18. Bxd4 Bf6 19. Bxc5 Bxa1 20. Bxf8 Bd4+
21. Kh1 Kxf8 22. Re1 Bf7 23. Qd7 Qb4 24. Re2 Qd6 25. Qf5 Kg8 26. Nd2 Bg6 27.
Qg5 Rf8 28. g3 Qf6 29. Qg4 Qf5 30. Qf3 Qxc2 31. Qg2 Qd1+ 32. Qf1 Be4+ 33. Kh2
Qxf1 34. Nxf1 Bb6 35. Nd2 Re8 36. h4 Kf7 37. a3 Bd3 38. Rxe8 Kxe8 39. Kg2 Be2
40. Nb1 d4 41. b4 d3 42. Nd2 Kd7 43. a4 a5 44. bxa5 Bxa5 45. Ne4 d2 46. Nxd2
Bxd2 47. Kf2 Bd1 48. a5 Bxa5 49. Ke3 c5 50. Kd3 Bb3 51. g4 c4+ 52. Kd4 c3 53.
f5 c2 54. g5 c1=Q 55. f6 Qd2+ 56. Ke5 Qe3+ 57. Kf5 Be6# 0-1

[Event "Deutsche Ländermeisterschaft 2013"]
[Site "Hannover GER"]
[Date "2013.10.05"]
[Round "6"]
[White "Kitze, Alexander"]
[Black "Heyne, Lukas"]
[Result "1/2-1/2"]
[Termination "normal"]
[Board "5.1"]
[WhiteTitle "14"]
[BlackTitle "18"]
[WhiteElo "1951"]
[BlackElo "2094"]
[WhiteTeam "Sachsen-Anhalt"]
[BlackTeam "Bremen"]
[WhiteFideId "12914827"]
[BlackFideId "24618080"]
[EventCountry "GER"]
[EventRounds "7"]
[EventType "team-swiss"]
[EventDate "2013.10.02"]

1. e4 g6 2. d4 Bg7 3. Nc3 d6 4. f4 Nf6 5. Nf3 O-O 6. Bd3 c6 7. O-O Nbd7 8. e5
Ne8 9. Qe1 dxe5 10. fxe5 Nc7 11. Qh4 Nb6 12. Ne4 f6 13. exf6 exf6 14. c3 Bf5
15. Bd2 Bxe4 16. Bxe4 Nc4 17. Bc1 Nd6 18. Bc2 Nd5 19. Bb3 Kh8 20. Bd2 Nf5 21.
Qf2 b5 22. a4 Rb8 23. axb5 Rxb5 24. Bxd5 cxd5 25. Rxa7 Qb6 26. Rfa1 Rxb2 27.
Qe1 Qc6 28. g4 Nd6 29. R1a6 Rb6 30. Qe7 Nf7 31. Rxb6 Qxb6 32. Qc5 Qb1+ 33. Kf2
Qe4 34. Re7 Qxg4 35. Qxd5 Ng5 36. Bxg5 fxg5 37. Qe4 Qc8 38. Kg2 Qxc3 39. Re8
Qb2+ 40. Kg3 Qa3 41. Rxf8+ Qxf8 42. Nxg5 Qb8+ 43. Kh3 Qb3+ 44. Nf3 Qc4 45. Qe8+
Qg8 46. Qxg8+ Kxg8 47. Kg4 Kf7 48. Ng5+ Ke7 49. Nxh7 Bxd4 50. Ng5 1/2-1/2

[Event "Deutsche Ländermeisterschaft 2013"]
[Site "Hannover GER"]
[Date "2013.10.05"]
[Round "6"]
[White "Kollars, Dmitrij"]
[Black "Heinemann, Josefine"]
[Result "1/2-1/2"]
[Termination "normal"]
[Board "5.2"]
[WhiteTitle "14"]
[BlackTitle "16w"]
[WhiteElo "2068"]
[BlackElo "2003"]
[WhiteTeam "Bremen"]
[BlackTeam "Sachsen-Anhalt"]
[WhiteFideId "12909572"]
[BlackFideId "12900460"]
[EventCountry "GER"]
[EventRounds "7"]
[EventType "team-swiss"]
[EventDate "2013.10.02"]

1. e4 c5 2. Nf3 d6 3. d4 cxd4 4. Nxd4 Nf6 5. Nc3 a6 6. Bc4 e6 7. Bb3 b5 8. O-O
Be7 9. Qf3 Qc7 10. Qg3 O-O 11. Bh6 Ne8 12. Rad1 Bd7 13. Nf3 Nc6 14. Rd2 Na5 15.
Bf4 b4 16. Ne2 Nxb3 17. axb3 e5 18. Bg5 Nf6 19. Bxf6 Bxf6 20. Nh4 Rfd8 21. c4
bxc3 22. Nxc3 Be6 23. Nf5 Bxb3 24. h4 Kf8 25. Ne3 Qa5 26. Ng4 Be7 27. f4 exf4
28. Qxf4 Kg8 29. Rf3 Qh5 30. g3 Be6 31. Ne3 g5 32. hxg5 Bxg5 33. Ncd5 Kh8 34.
g4 Bxf4 35. gxh5 Rg8+ 36. Rg2 Rxg2+ 37. Kxg2 Be5 38. Nc4 Rg8+ 39. Kf1 Rg5 40.
Nxe5 Rxe5 41. h6 Bxd5 42. exd5 Kg8 43. Rg3+ Kf8 44. Rg7 Rxd5 45. Rxh7 Rg5 46.
Rh8+ Rg8 47. Rh7 a5 48. b3 Ke7 49. Rg7 Rh8 50. Rg5 Rxh6 51. Rxa5 Rh2 52. b4 Rb2
53. Ra7+ Ke6 54. Rb7 d5 55. b5 f5 56. b6 Ke5 57. Rb8 Kd6 58. Rf8 Rxb6 59. Rxf5
Kc5 60. Ke2 Kc4 61. Kd2 d4 62. Rf3 Rb2+ 63. Kc1 Re2 64. Kd1 Rh2 65. Rg3 Kd5 66.
Ra3 Ke4 67. Rg3 Kf4 68. Rd3 Ke4 69. Rg3 Rf2 70. Ke1 Rf3 71. Rxf3 Kxf3 72. Kd2
Ke4 73. Ke2 d3+ 74. Kd2 Kd4 75. Kd1 Kc3 76. Kc1 d2+ 77. Kd1 Kd3 1/2-1/2

[Event "Deutsche Ländermeisterschaft 2013"]
[Site "Hannover GER"]
[Date "2013.10.05"]
[Round "6"]
[White "Pallas, Sebastian"]
[Black "Kardoeus, David"]
[Result "1-0"]
[Termination "normal"]
[Board "5.3"]
[WhiteTitle "14"]
[BlackTitle "16"]
[WhiteElo "1903"]
[BlackElo "1973"]
[WhiteTeam "Sachsen-Anhalt"]
[BlackTeam "Bremen"]
[WhiteFideId "12905453"]
[BlackFideId "12912050"]
[EventCountry "GER"]
[EventRounds "7"]
[EventType "team-swiss"]
[EventDate "2013.10.02"]

1. e4 e5 2. Nf3 Nf6 3. Nxe5 d6 4. Nf3 Nxe4 5. d4 d5 6. Bd3 Bg4 7. O-O Be7 8.
Re1 Nf6 9. Bg5 O-O 10. Nbd2 Nbd7 11. c3 Bd6 12. Qc2 h6 13. Bh4 c6 14. Ne5 Qc7
15. Bg3 Bh5 16. f3 Rae8 17. Nxd7 Nxd7 18. Nf1 Bf4 19. Bf2 f6 20. Bg3 Bd6 21.
Bxd6 Qxd6 22. Ng3 Bf7 23. Nf5 Qf4 24. Qf2 Bg6 25. Ne7+ Rxe7 26. Rxe7 Bxd3 27.
Rxd7 Re8 28. Re1 Rxe1+ 29. Qxe1 Ba6 30. Re7 Qf5 31. h3 Qc2 32. Qg3 Qc1+ 33. Kh2
Qg5 34. Qxg5 hxg5 35. Re8+ Kf7 36. Ra8 1-0

[Event "Deutsche Ländermeisterschaft 2013"]
[Site "Hannover GER"]
[Date "2013.10.05"]
[Round "6"]
[White "Kügel, Tobias"]
[Black "Niegsch, Nicolas"]
[Result "1/2-1/2"]
[Termination "normal"]
[Board "5.4"]
[WhiteTitle "18"]
[BlackTitle "16"]
[WhiteElo "2086"]
[BlackElo "2004"]
[WhiteTeam "Bremen"]
[BlackTeam "Sachsen-Anhalt"]
[WhiteFideId "4636295"]
[BlackFideId "12932140"]
[EventCountry "GER"]
[EventRounds "7"]
[EventType "team-swiss"]
[EventDate "2013.10.02"]

1. e4 c5 2. c4 Nc6 3. Ne2 Nf6 4. Nbc3 e6 5. d4 cxd4 6. Nxd4 Bb4 7. Nxc6 bxc6 8.
Bd3 e5 9. O-O O-O 10. Be3 Bxc3 11. bxc3 d6 12. Qa4 Qc7 13. h3 Nd7 14. Qa3 c5
15. Rae1 a5 16. Qc1 Ba6 17. Qd1 Rab8 18. Qg4 Kh8 19. Qh4 Qd8 20. Bg5 f6 21. Bc1
Nb6 22. f4 Bxc4 23. Bxc4 Nxc4 24. fxe5 Nxe5 25. Rd1 Qe7 26. Qg3 Rfd8 27. Bf4
Rb2 28. Rf2 Rxf2 29. Qxf2 h6 30. Bg3 Qe6 31. Rd5 Nf7 32. Qd2 Qxe4 33. Rd3 Qe7
34. Re3 Qc7 35. Qd5 Ne5 36. Re2 Qb6 37. Kh2 Qc7 38. Re1 Qb8 39. Rf1 Qc7 40. Re1
Qb6 41. Re2 Qc7 1/2-1/2

[Event "Deutsche Ländermeisterschaft 2013"]
[Site "Hannover GER"]
[Date "2013.10.05"]
[Round "6"]
[White "Stein, Robert"]
[Black "Rockmann, Jan-Okke"]
[Result "1-0"]
[Termination "normal"]
[Board "5.5"]
[WhiteTitle "12"]
[BlackTitle "12"]
[WhiteElo "1761"]
[BlackElo "1783"]
[WhiteTeam "Sachsen-Anhalt"]
[BlackTeam "Bremen"]
[WhiteFideId "12921084"]
[BlackFideId "12942111"]
[EventCountry "GER"]
[EventRounds "7"]
[EventType "team-swiss"]
[EventDate "2013.10.02"]

1. e4 e5 2. Nf3 Nc6 3. d4 exd4 4. Nxd4 Bb4+ 5. c3 Bc5 6. Nxc6 bxc6 7. Bd3 d5 8.
O-O Nf6 9. Nd2 O-O 10. b4 Bb6 11. Bb2 Bg4 12. Qc2 h5 13. c4 dxe4 14. Nxe4 Nxe4
15. Bxe4 c5 16. Bxa8 Qxa8 17. h3 Bc8 18. Qe2 cxb4 19. c5 1-0

[Event "Deutsche Ländermeisterschaft 2013"]
[Site "Hannover GER"]
[Date "2013.10.05"]
[Round "6"]
[White "Erofeev, Anastasia"]
[Black "Roseneck, Jonas"]
[Result "1-0"]
[Termination "normal"]
[Board "5.6"]
[WhiteTitle "20w"]
[BlackTitle "12"]
[WhiteElo "1763"]
[BlackElo "1740"]
[WhiteTeam "Bremen"]
[BlackTeam "Sachsen-Anhalt"]
[WhiteFideId "12917915"]
[BlackFideId "12939870"]
[EventCountry "GER"]
[EventRounds "7"]
[EventType "team-swiss"]
[EventDate "2013.10.02"]

1. e4 c5 2. Nf3 d6 3. d4 cxd4 4. Nxd4 Nf6 5. Nc3 a6 6. Bc4 e6 7. Bb3 b5 8. Qf3
Bb7 9. Bg5 Nbd7 10. a3 Rc8 11. O-O Ne5 12. Qe2 Nc4 13. a4 b4 14. Bxc4 bxc3 15.
b3 Qb6 16. Bxf6 gxf6 17. Rad1 Rg8 18. Nf3 Bh6 19. Qd3 Bf4 20. Qd4 Qxd4 21. Rxd4
e5 22. Rxd6 Bxe4 23. Ne1 Bd2 24. f3 Bg6 25. Bxa6 Rd8 26. Rxd8+ Kxd8 27. Bd3 Ke7
28. Bxg6 fxg6 29. Kf2 f5 30. Ke2 e4 31. fxe4 fxe4 32. g3 Rd8 33. Ng2 Bh6 34.
Rd1 Rxd1 35. Kxd1 Kd6 36. Ke2 Ke5 37. Ne3 Bf8 38. Nc4+ Kd4 39. a5 Bc5 40. Nb6
g5 41. b4 Bd6 42. a6 Bb8 43. Nc8 Kc4 44. a7 Bxa7 45. Nxa7 Kxb4 46. Ke3 1-0

[Event "Deutsche Ländermeisterschaft 2013"]
[Site "Hannover GER"]
[Date "2013.10.05"]
[Round "6"]
[White "Cejda, Cecilia"]
[Black "Silber, Stefanie"]
[Result "0-1"]
[Termination "normal"]
[Board "5.7"]
[WhiteTitle "12w"]
[BlackTitle "14w"]
[WhiteElo "1400"]
[BlackElo "1342"]
[WhiteTeam "Sachsen-Anhalt"]
[BlackTeam "Bremen"]
[WhiteFideId "12921122"]
[BlackFideId "12918245"]
[EventCountry "GER"]
[EventRounds "7"]
[EventType "team-swiss"]
[EventDate "2013.10.02"]

1. e4 c6 2. d4 d5 3. Nc3 dxe4 4. Nxe4 Bf5 5. Nc3 e6 6. Nf3 Bd6 7. Be2 Nf6 8.
Nh4 Bg6 9. Nxg6 hxg6 10. Bg5 Nbd7 11. h3 Qa5 12. Be3 Nd5 13. Bd2 Nxc3 14. Bxc3
Bb4 15. Bd2 Nf6 16. a3 Bxd2+ 17. Qxd2 Qxd2+ 18. Kxd2 O-O-O 19. Kc3 Ne4+ 20. Kb3
Rxd4 21. Rhd1 Rhd8 22. f3 Ng3 23. Rxd4 Rxd4 24. Bd3 Kd7 25. Rd1 Nf5 26. Rd2 Nd6
27. c3 Rd5 28. c4 Rd4 29. Kc3 c5 30. b4 b6 31. g3 f5 32. g4 e5 33. gxf5 gxf5
34. Be2 Rxd2 35. Kxd2 g6 36. h4 a6 37. Bf1 Ke7 38. Ke3 Kf6 39. f4 e4 40. Be2
Ke6 41. Kd2 Nb7 42. Kc3 Nd8 43. b5 a5 44. a4 Kf6 45. Bd1 Ne6 46. Kd2 Nxf4 47.
Ke3 Ng2+ 0-1